000 00740nac a22001931u 4500
020 _a8121900859
082 _a692.5
_bBHA
090 _c5582
_d5582
100 _aBhasin, P. L.
245 _aQuantity surveying :
_bestimating & costing for building & civil engineering works based on Indian standard method of measurement (I.S. 1200)/
_cP. L. Bhasin
250 _a3rd rev ed.
260 _aNew Delhi :
_bS. Chand, 1982
_c1982
300 _a291p.:
_bill.;
_c23 cm.
500 _adistributer: Al-Ahram
511 _acatalogued by: wessam
650 _abuilding
_xestimates
942 _cBB
_k692.5BHA
999 _c5582
_d5582